000 01818nam0a2200385 4500
001 RU\NLR\bibl\2073560
005 20260209183208.0
010 _a978-5-17-078224-6
_92500
021 _aRU
_b2013-54294
_9479д/13
035 _a(NLR Aleph) 002059638
035 _a(nilc)RuMoRGB-006634592
090 _a4680323
_c4680323
100 _a20130715d2013 u y0rusy50 ca
101 1 _arus
_ceng
102 _aRU
105 _ay zzzz|||||
200 1 _aСтанет ли XXI век веком Китая?
_eманковские дискуссии о роли Китая
_eГенри Киссинджер и Фарид Закария против Найла Фергюсона и Дэвида Даокуя Ли
_f[пер. с англ. В. Н. Верченко]
210 _aМосква
_cАСТ
_d2013
215 _a190, [1] с.
_d17
607 _aКитайская Народная Республика
_xНародное хозяйство
_xПрогнозирование
_92255983
_3RU\NLR\AUTH\661352940
686 1 _aУ23(5Кит)038
702 1 _4570
_7ca
_8rus
_aКиссинджер
_bГ. А.
_f1923-2023
_gГенри Альфред
_9182380
_3RU\NLR\AUTH\770182431
702 1 _aЗакария
_bФ.
_gФарид
_4570
702 1 _4570
_7ca
_8rus
_aФергюсон
_bН.
_f1964-
_gНайл
_9127221
_3RU\NLR\AUTH\770127245
702 1 _4570
_aЛи
_bД. Д.
_f1963-
_gДэвид Даокуй
_9133253
_3RU\NLR\AUTH\770133287
711 1 2 _aМанковские дискуссии
_d7
_eТоронто
_f2011
_9380023
_3RU\NLR\AUTH\8810247149
801 0 _aRU
_bRuMoRKP
_c20130715
_gRCR
801 1 _aRU
_bRuMoRKP
_c20130715
_2rusmarc
801 2 _aRU
_bРГБ
_c20130912
_grcr
801 2 _aRU
_bNLR
_c20130919
_grcr
942 _cBOOK
980 _aNBR
980 _aNB